00308 2200121 4500001002100000008004100021035002000062245002000082100001800102260004000120084001600160650001000176INLIS000000000001021 ind  a0010-0325001017 aSuccess In Life aMansur, Yusuf bLINI ZIKRUL MEDIA INTELEKTUALc2012 a297.4.MAN.S aAgama